00793nam a22002057a 4500999001900000005001700019010001500036020002800051035001400079037001300093082001100106100001800117245012100135260004600256270006500302300002700367500004900394942002500443952011900468 c149940d14994020181122104131.0 aENG-122271 a9780199467099c2,595.00 aEN-105803 bDBAD/PUB a954.07 aGrewal, J. S. aMaster Tara Singh in indian history:ccolonialism, nationalism, and the politics of sikh identity /bby J. S. Grewal aNew DelhibOxford University Presscc2017 a2/11 Ground floor, Ansari Road, DaryaganjbNew Delhie110002 axvii, 757p.c25cm(hbk) aIt includes glossary, bibliography and index 2ddccENh954.07mGRE 001040718NFICaDBADbBNd2018-02-15eDBAD/PUBg2.00l0o954.07 GREpEN-105803r2018-02-15 00:00:00t1v2.00yEN